[Event "DEM U14 2014"]
[Site "Magdeburg GER"]
[Date "2014.06.10"]
[Round "4"]
[White "Muckle, Julius"]
[Black "Grimm, Ling Leander"]
[Result "1/2-1/2"]
[Termination "normal"]
[Board "21"]
[WhiteElo "1938"]
[BlackElo "1700"]
[PlyCount "229"]
[WhiteFideId "12942430"]
[BlackFideId "12968277"]
[EventCountry "GER"]
[EventRounds "9"]
[EventType "swiss"]
[EventDate "2014.06.07"]

1. d4 Nf6 2. c4 e6 3. Nc3 Bb4 4. Nf3 b6 5. Bd2 O-O 6. e3 Bb7 7. Bd3 d6 8. Qc2
c5 9. a3 Bxc3 10. Bxc3 Nbd7 11. b4 Qe7 12. Ng5 g6 13. Ne4 Nxe4 14. Bxe4 Bxe4
15. Qxe4 d5 16. cxd5 Nf6 17. Qe5 Nxd5 18. dxc5 f6 19. Qd4 Rac8 20. Bd2 bxc5 21.
Qe4 f5 22. Qe5 c4 23. Rc1 Qf6 24. Qxf6 Rxf6 25. Bc3 e5 26. Bxe5 Ra6 27. Ra1 c3
28. Ke2 Kf7 29. Rhc1 Ke6 30. Bd4 Rc7 31. Kd3 Rac6 32. Rc2 Rd7 33. g3 g5 34. Rb1
Ra6 35. Rb3 h5 36. Ke2 f4 37. b5 Ra4 38. gxf4 gxf4 39. Bxc3 fxe3 40. fxe3 Rh4
41. Bd4 Rxh2+ 42. Kd3 Rxc2 43. Kxc2 Kf5 44. Kd3 Nb6 45. Rb1 h4 46. Ke2 h3 47.
Kf3 Nc4 48. Ra1 Nd2+ 49. Ke2 Ne4 50. Kf3 Rh7 51. Rh1 Nd2+ 52. Ke2 Nc4 53. a4
Ke4 54. Bc5 h2 55. Bb4 Rh3 56. Bc5 Rh7 57. Bd4 Nd6 58. Bxa7 Rxa7 59. Rxh2 Nf5
60. b6 Rxa4 61. b7 Rb4 62. Rh7 Rb2+ 63. Kd1 Kxe3 64. Kc1 Rb5 65. Kc2 Kd4 66.
Rh5 Ne3+ 67. Kd2 Rb2+ 68. Kc1 Rxb7 69. Rh8 Rg7 70. Kb2 Rb7+ 71. Kc1 Kc3 72.
Rc8+ Nc4 73. Rh8 Re7 74. Rh3+ Ne3 75. Rg3 Re4 76. Rh3 Kd3 77. Kb2 Rb4+ 78. Kc1
Rb5 79. Rg3 Rc5+ 80. Kb2 Kd2 81. Kb3 Rb5+ 82. Ka4 Rb1 83. Rh3 Kd3 84. Ka5 Kd4
85. Rh4+ Kc5 86. Ka4 Nc2 87. Rh5+ Kc4 88. Rh4+ Nd4 89. Ka5 Rb5+ 90. Ka4 Rf5 91.
Rh8 Ne6 92. Rh4+ Nf4 93. Rg4 Rf6 94. Ka5 Kc5 95. Rg5+ Nd5 96. Rh5 Rf4 97. Rg5
Re4 98. Rh5 Re1 99. Ka4 Rb1 100. Rg5 Kd6 101. Rg6+ Kd7 102. Rh6 Nc3+ 103. Ka3
Nb5+ 104. Ka4 Nd6 105. Ka3 Kc6 106. Ka4 Kc5 107. Rh5+ Kc4 108. Rh4+ Kd5 109.
Rh5+ Kd4 110. Rh4+ Ne4 111. Ka5 Kd5 112. Rh5+ Kc4 113. Rh4 Kd5 114. Rh5+ Kc6
115. Rh6+ 1/2-1/2

[Event "DEM U14 2014"]
[Site "Magdeburg GER"]
[Date "2014.06.10"]
[Round "4"]
[White "Jurga, Jonas Vincent"]
[Black "Amler, Nick"]
[Result "1-0"]
[Termination "normal"]
[Board "22"]
[WhiteElo "1722"]
[BlackElo "1414"]
[PlyCount "133"]
[WhiteFideId "12968013"]
[BlackFideId "12930539"]
[EventCountry "GER"]
[EventRounds "9"]
[EventType "swiss"]
[EventDate "2014.06.07"]

1. e4 e5 2. Nf3 Nc6 3. Bb5 a6 4. Ba4 Nf6 5. O-O Nxe4 6. d4 exd4 7. Re1 d5 8.
Nxd4 Bd6 9. Qf3 Bd7 10. Nxc6 bxc6 11. Nd2 f5 12. Qh5+ g6 13. Qh6 Bf8 14. Qe3
Be7 15. f3 Nd6 16. Qc3 Kf7 17. Bxc6 Bxc6 18. Qxc6 Ne8 19. Qe6+ Kf8 20. Nb3 Rg8
21. Bh6+ Ng7 22. Qc6 Kf7 23. Bxg7 Kxg7 24. Rad1 Qd6 25. Qxd5 Qxd5 26. Rxd5 Bd6
27. c3 Rgd8 28. g3 Ra7 29. Nd4 Kf6 30. Nc6 Raa8 31. Nxd8 Rxd8 32. Red1 Ke6 33.
Kf1 Rb8 34. b3 Be7 35. c4 Bd6 36. Re1+ Kf6 37. Red1 Ke6 38. f4 Rb7 39. Re1+ Kf7
40. c5 Bf8 41. Rd7+ Kf6 42. c6 Ra7 43. Re8 Bd6 44. Rh8 Ke6 45. Rhxh7 Kd5 46.
Rdg7 Kxc6 47. Rxg6 a5 48. a4 Rb7 49. Rf6 Rxb3 50. Rxf5 Ra3 51. Rxa5 Ra1+ 52.
Kg2 Ra2+ 53. Kf3 Ra3+ 54. Kg4 Kb6 55. Ra8 Kb7 56. Rd8 Kc6 57. h4 Rxa4 58. h5
Re4 59. Kf5 Re3 60. g4 Rf3 61. Rxd6+ cxd6 62. Rh8 d5 63. g5 Rg3 64. g6 Kd7 65.
Ke5 Kc6 66. f5 Rg5 67. h6 1-0

[Event "DEM U14 2014"]
[Site "Magdeburg GER"]
[Date "2014.06.10"]
[Round "4"]
[White "Schamber, Dennis"]
[Black "Killgus, Leonard"]
[Result "0-1"]
[Termination "normal"]
[Board "23"]
[WhiteElo "1560"]
[BlackElo "1732"]
[PlyCount "42"]
[WhiteFideId "12952176"]
[BlackFideId "12922021"]
[EventCountry "GER"]
[EventRounds "9"]
[EventType "swiss"]
[EventDate "2014.06.07"]

1. d4 Nf6 2. c4 g6 3. Nc3 d5 4. Bg5 Ne4 5. Bh4 c5 6. e3 Bg7 7. Nf3 O-O 8. cxd5
Nxc3 9. bxc3 cxd4 10. cxd4 Qxd5 11. Bxe7 Re8 12. Bb4 Bg4 13. Be2 Nc6 14. Bc3
Bxf3 15. Bxf3 Qc4 16. Bb2 Nxd4 17. Be2 Qb4+ 18. Kf1 Qxb2 19. exd4 Rxe2 20. Rb1
Rxf2+ 21. Ke1 Re8+ 0-1

[Event "DEM U14 2014"]
[Site "Magdeburg GER"]
[Date "2014.06.10"]
[Round "4"]
[White "Bureik, Nicolas"]
[Black "Nguyen, Anh Van"]
[Result "0-1"]
[Termination "normal"]
[Board "24"]
[WhiteElo "1513"]
[BlackElo "1610"]
[PlyCount "88"]
[WhiteFideId "12971863"]
[BlackFideId "12908223"]
[EventCountry "GER"]
[EventRounds "9"]
[EventType "swiss"]
[EventDate "2014.06.07"]

1. d4 Nf6 2. c4 c5 3. d5 b5 4. Qc2 d6 5. e4 bxc4 6. Bxc4 Qb6 7. f4 Nbd7 8. Nf3
Ba6 9. Na3 g6 10. O-O Bg7 11. Re1 O-O 12. e5 dxe5 13. fxe5 Ng4 14. Bf4 e6 15.
d6 Bb7 16. Qc3 Bxf3 17. gxf3 Ngxe5 18. Bxe5 Nxe5 19. Rxe5 Qxd6 20. f4 Bxe5 21.
fxe5 Qd4+ 22. Qxd4 cxd4 23. Nc2 Rfd8 24. Rd1 Rac8 25. b3 d3 26. Rxd3 Rxd3 27.
Bxd3 Rc5 28. Kf2 Rxe5 29. Kf3 f5 30. Kf4 Rd5 31. Bc4 Rd2 32. Bxe6+ Kg7 33. Ne3
Kf6 34. Bg8 g5+ 35. Kf3 Rxh2 36. a4 h5 37. Bh7 g4+ 38. Kg3 Rh3+ 39. Kf2 f4 40.
Ng2 Ke5 41. b4 Ra3 42. Bg6 g3+ 43. Ke2 Ra2+ 44. Kf3 Rf2# 0-1

[Event "DEM U14 2014"]
[Site "Magdeburg GER"]
[Date "2014.06.10"]
[Round "5"]
[White "Buckels, Valentin"]
[Black "Kololli, Kevin"]
[Result "0-1"]
[Termination "normal"]
[Board "1"]
[WhiteElo "2102"]
[BlackElo "2030"]
[WhiteClock "00:07:06"]
[BlackClock "00:39:40"]
[PlyCount "116"]
[WhiteFideId "12942766"]
[BlackFideId "12936863"]
[EventCountry "GER"]
[EventRounds "9"]
[EventType "swiss"]
[EventDate "2014.06.07"]

1. d4 f5 2. Nf3 Nf6 3. g3 g6 4. Bg2 Bg7 5. O-O O-O 6. b3 d6 7. Bb2 Qe8 8. c4 c6
9. Nbd2 Nbd7 10. Qc2 e5 11. dxe5 dxe5 12. e4 f4 13. Ba3 c5 14. b4 b6 15. bxc5
Nxc5 16. Rab1 Bg4 17. Bxc5 bxc5 18. h3 Bd7 19. Qc3 Bc6 20. Rfe1 Nd7 21. Nb3 Rb8
22. Rbd1 Qe7 23. Qa5 Rb7 24. Qd2 Rc7 25. Qd6 Qxd6 26. Rxd6 Bf6 27. Na5 Ba8 28.
Red1 Nb6 29. Nh2 h5 30. g4 Rg7 31. Bf3 Kh7 32. Kg2 Kh6 33. Re6 Re7 34. Red6 Rg7
35. Nf1 hxg4 36. hxg4 Kg5 37. Nd2 Nc8 38. Rd3 Bd8 39. Nab3 Bb6 40. Nb1 Bb7 41.
Rc1 Rff7 42. Nc3 Rd7 43. Nd5 Rd8 44. Be2 Nd6 45. f3 Rh7 46. Rh1 Rxh1 47. Kxh1
Nxc4 48. Nxb6 Rh8+ 49. Kg1 axb6 50. Rd7 Bc6 51. Rc7 Bb5 52. a4 Na5 53. Bxb5
Nxb3 54. Rb7 Rd8 55. Rxb6 Rd2 56. Re6 Kh4 57. Rxe5 Kg3 58. Rd5 Nd4 0-1

[Event "DEM U14 2014"]
[Site "Magdeburg GER"]
[Date "2014.06.10"]
[Round "5"]
[White "Schmidek, Emil"]
[Black "Kololli, Martin"]
[Result "1-0"]
[Termination "normal"]
[Board "2"]
[WhiteElo "2038"]
[BlackElo "2056"]
[WhiteClock "00:04:58"]
[BlackClock "00:40:08"]
[PlyCount "89"]
[WhiteFideId "12908150"]
[BlackFideId "12936910"]
[EventCountry "GER"]
[EventRounds "9"]
[EventType "swiss"]
[EventDate "2014.06.07"]

1. e4 e5 2. Nf3 Nc6 3. Bb5 a6 4. Ba4 Nf6 5. d3 b5 6. Bb3 Be7 7. O-O O-O 8. Re1
d6 9. c3 Na5 10. Bc2 c5 11. Nbd2 Re8 12. Nf1 Bf8 13. h3 g6 14. a4 Bb7 15. Ne3
c4 16. Ng4 Nxg4 17. hxg4 Bg7 18. d4 Qc8 19. g5 exd4 20. Nxd4 Qd7 21. Bf4 Be5
22. Bxe5 dxe5 23. Nf5 Qxd1 24. Nh6+ Kg7 25. Rexd1 Re7 26. axb5 axb5 27. Ra3 Nc6
28. Rxa8 Bxa8 29. Rd5 Rb7 30. Ng4 b4 31. Ba4 Ra7 32. Bxc6 Bxc6 33. Rd6 bxc3 34.
bxc3 Bxe4 35. Nf6 Bb7 36. Rd7 h6 37. Kh2 hxg5 38. Ne8+ Kg8 39. Nd6 Ra3 40. Rxb7
Rxc3 41. Nxf7 e4 42. Nxg5 e3 43. fxe3 Rxe3 44. Rc7 c3 45. Nf3 1-0

[Event "DEM U14 2014"]
[Site "Magdeburg GER"]
[Date "2014.06.10"]
[Round "5"]
[White "Vogel, Roven"]
[Black "Lagunow, Raphael"]
[Result "1/2-1/2"]
[Termination "normal"]
[Board "3"]
[WhiteElo "2270"]
[BlackElo "2066"]
[WhiteClock "00:03:43"]
[BlackClock "00:05:25"]
[PlyCount "75"]
[WhiteFideId "12908088"]
[BlackFideId "24652644"]
[EventCountry "GER"]
[EventRounds "9"]
[EventType "swiss"]
[EventDate "2014.06.07"]

1. d4 Nf6 2. Nf3 g6 3. c4 Bg7 4. Nc3 O-O 5. e4 d6 6. Be2 c5 7. O-O cxd4 8. Nxd4
Nc6 9. Be3 Nd7 10. Rc1 Nc5 11. Qd2 a5 12. Rfd1 Be6 13. f3 a4 14. Ncb5 Qa5 15.
Qxa5 Rxa5 16. Rb1 Rc8 17. Bf1 Raa8 18. Kf2 Nb4 19. Ra1 Bd7 20. Na3 Be6 21. Rd2
Nc6 22. g3 Ne5 23. Rc1 Nc6 24. Nac2 Na5 25. Na3 Nc6 26. Ke2 Nb4 27. Ra1 Nd7 28.
Nxe6 fxe6 29. f4 Nc5 30. Bg2 Rab8 31. Nb5 a3 32. Nxa3 Na4 33. Bd4 Bxd4 34. Rxd4
Nxb2 35. Bh3 Kf7 36. Rb1 Nc6 37. Rd2 Na4 38. Rc1 1/2-1/2

[Event "DEM U14 2014"]
[Site "Magdeburg GER"]
[Date "2014.06.10"]
[Round "5"]
[White "Schröder, Kevin"]
[Black "Martin, Julian"]
[Result "1-0"]
[Termination "normal"]
[Board "4"]
[WhiteElo "2178"]
[BlackElo "1952"]
[WhiteClock "00:53:31"]
[BlackClock "00:25:28"]
[PlyCount "117"]
[WhiteFideId "12929840"]
[BlackFideId "12941000"]
[EventCountry "GER"]
[EventRounds "9"]
[EventType "swiss"]
[EventDate "2014.06.07"]

1. c4 Nf6 2. Nc3 c5 3. Nf3 d5 4. cxd5 Nxd5 5. d4 cxd4 6. Qxd4 Nxc3 7. Qxc3 Nc6
8. e4 Bd7 9. Bb5 a6 10. Ba4 b5 11. Bb3 e6 12. O-O b4 13. Qd3 Na5 14. Rd1 Nxb3
15. Qxb3 Qa5 16. a4 Be7 17. Bf4 Bc6 18. Qc2 Rc8 19. Ne5 Bb7 20. Qe2 Bg5 21. Qh5
O-O 22. Qxg5 f6 23. Qg4 fxe5 24. Qxe6+ Kh8 25. Qxe5 Qxe5 26. Bxe5 Bxe4 27. Rd7
Rg8 28. Rd4 Bc2 29. Rxb4 a5 30. Rb5 Bxa4 31. Rxa5 Bb3 32. h3 h6 33. Bc3 Kh7 34.
Re1 Rc6 35. f3 Rc7 36. Rae5 Rf8 37. Kf2 Rb7 38. R1e4 Rff7 39. h4 Rfd7 40. h5
Rf7 41. Re8 Rb5 42. Rb4 Rxb4 43. Bxb4 Rd7 44. Bc3 Ba4 45. Rf8 Bb3 46. g4 Bd5
47. Re8 Bc6 48. Kg3 Rd3 49. Re7 Rd7 50. Re3 Bb5 51. Re5 Bc6 52. Rc5 Bb7 53. b4
Rf7 54. f4 Rd7 55. Be5 Be4 56. g5 hxg5 57. fxg5 Rd5 58. g6+ Kh6 59. Rxd5 1-0

[Event "DEM U14 2014"]
[Site "Magdeburg GER"]
[Date "2014.06.10"]
[Round "5"]
[White "Ovsepyan, Arshak"]
[Black "Gungl, Theo"]
[Result "1-0"]
[Termination "normal"]
[Board "5"]
[WhiteElo "2013"]
[BlackElo "2066"]
[WhiteClock "00:26:21"]
[BlackClock "00:07:53"]
[PlyCount "105"]
[WhiteFideId "24690236"]
[BlackFideId "24695653"]
[EventCountry "GER"]
[EventRounds "9"]
[EventType "swiss"]
[EventDate "2014.06.07"]

1. d4 d5 2. c4 c6 3. e3 Nf6 4. Nc3 e6 5. Nf3 Nbd7 6. Qc2 Be7 7. b3 O-O 8. Bb2
b6 9. Be2 Bb7 10. Nd2 Rc8 11. O-O c5 12. Rac1 Qc7 13. Qb1 Qb8 14. Rfd1 cxd4 15.
exd4 Bd6 16. h3 Rfe8 17. Bf3 Bf4 18. Ne2 Bh6 19. g3 Ne4 20. Bxe4 dxe4 21. Rc3
f5 22. f4 exf3 23. Nxf3 Nf6 24. Ne5 Ne4 25. Rcd3 g6 26. Bc1 Bg7 27. Bf4 Qa8 28.
Qc1 Nf6 29. Nc3 a6 30. Qe3 Rcd8 31. a4 Ne4 32. Nxe4 Bxe4 33. R3d2 Qb7 34. h4
Qe7 35. c5 b5 36. axb5 axb5 37. Bg5 Bf6 38. Bxf6 Qxf6 39. Ra1 Ra8 40. Rda2 Rxa2
41. Rxa2 Qg7 42. c6 Qc7 43. Qc3 Qd6 44. Ra7 b4 45. Qc5 Qb8 46. Kh2 Bd5 47. Nd7
Qd8 48. Qd6 g5 49. c7 Qc8 50. Nf6+ Kf7 51. Qd8 Rh8 52. Qxh8 Qxh8 53. c8=Q+ 1-0

[Event "DEM U14 2014"]
[Site "Magdeburg GER"]
[Date "2014.06.10"]
[Round "5"]
[White "Höglauer, Patrick"]
[Black "Poghosyan, Tigran"]
[Result "1/2-1/2"]
[Termination "normal"]
[Board "6"]
[WhiteElo "2069"]
[BlackElo "2026"]
[WhiteClock "00:06:06"]
[BlackClock "00:30:26"]
[PlyCount "78"]
[WhiteFideId "1270548"]
[BlackFideId "12909319"]
[EventCountry "GER"]
[EventRounds "9"]
[EventType "swiss"]
[EventDate "2014.06.07"]

1. e4 e5 2. Nf3 Nc6 3. Bb5 Nge7 4. c3 a6 5. Ba4 g6 6. d4 exd4 7. cxd4 b5 8. Bb3
Bg7 9. Nc3 d6 10. O-O O-O 11. h3 Na5 12. Bc2 c5 13. Bg5 h6 14. Bf4 g5 15. Bh2
Ra7 16. Re1 Ng6 17. dxc5 dxc5 18. Qd6 Qe7 19. Nd5 Qb7 20. Qxc5 Bxb2 21. Rab1
Bg7 22. a4 Be6 23. Bd3 Rc8 24. Qe3 Nc4 25. Bxc4 Rxc4 26. axb5 axb5 27. Rxb5
Qxb5 28. Qxa7 Bxd5 29. exd5 Qxd5 30. Qb8+ Kh7 31. Qe8 g4 32. hxg4 Rxg4 33. Qe2
h5 34. Rd1 Qb7 35. Qe3 h4 36. Ng5+ Kg8 37. Qf3 Qxf3 38. Rd8+ Nf8 39. Nxf3 h3
1/2-1/2

[Event "DEM U14 2014"]
[Site "Magdeburg GER"]
[Date "2014.06.10"]
[Round "5"]
[White "Kitze, Alexander"]
[Black "Reuker, Jari"]
[Result "1-0"]
[Termination "normal"]
[Board "7"]
[WhiteElo "2058"]
[BlackElo "1867"]
[WhiteClock "00:04:07"]
[BlackClock "00:10:23"]
[PlyCount "97"]
[WhiteFideId "12914827"]
[BlackFideId "12909300"]
[EventCountry "GER"]
[EventRounds "9"]
[EventType "swiss"]
[EventDate "2014.06.07"]

1. e4 c5 2. Nf3 e6 3. d4 cxd4 4. Nxd4 Nc6 5. Nc3 Qc7 6. Be3 a6 7. Qd2 Nf6 8. f3
h5 9. O-O-O Be7 10. Bd3 b5 11. Nxc6 dxc6 12. Qf2 c5 13. Qg3 Qxg3 14. hxg3 Bb7
15. g4 O-O-O 16. e5 Nd7 17. Rxh5 Rxh5 18. gxh5 Nxe5 19. Be4 Rxd1+ 20. Kxd1 Nc4
21. Bc1 Bf6 22. Ke2 Bd4 23. g4 f6 24. Bxb7+ Kxb7 25. Ne4 Kc6 26. c3 Be5 27. f4
Bd6 28. g5 fxg5 29. fxg5 Bf8 30. g6 Ne5 31. Ng5 Kd5 32. Nh7 Bd6 33. h6 Nxg6 34.
hxg7 Ne7 35. Nf6+ Ke5 36. g8=Q Nxg8 37. Nxg8 a5 38. Nh6 Kd5 39. Ng4 c4 40. Kf3
b4 41. Ne3+ Kc5 42. Ke4 a4 43. a3 bxa3 44. bxa3 Bf8 45. Nc2 Bg7 46. Be3+ Kd6
47. Bd4 e5 48. Ba7 Kc6 49. Bb8 1-0

[Event "DEM U14 2014"]
[Site "Magdeburg GER"]
[Date "2014.06.10"]
[Round "5"]
[White "Fieberg, Samuel"]
[Black "Pallas, Sebastian"]
[Result "0-1"]
[Termination "normal"]
[Board "8"]
[WhiteElo "1978"]
[BlackElo "2004"]
[WhiteClock "00:34:04"]
[BlackClock "00:24:24"]
[PlyCount "100"]
[WhiteFideId "12901717"]
[BlackFideId "12905453"]
[EventCountry "GER"]
[EventRounds "9"]
[EventType "swiss"]
[EventDate "2014.06.07"]

1. e4 c5 2. Nf3 d6 3. d4 cxd4 4. Nxd4 Nf6 5. Nc3 a6 6. Be2 e6 7. O-O Nbd7 8. a4
b6 9. f4 Bb7 10. Bf3 Rc8 11. Qe2 Qc7 12. Kh1 Qc4 13. Qf2 Be7 14. e5 Nd5 15.
Nxd5 Bxd5 16. b3 Qc7 17. Bxd5 exd5 18. exd6 Bxd6 19. Re1+ Kf8 20. Bb2 Bc5 21.
Qe2 a5 22. Nf5 Nf6 23. Bxf6 gxf6 24. Qg4 Rg8 25. Qh4 h5 26. Qxh5 Qxf4 27. Qh3
Rd8 28. Rf1 Qg5 29. Rf3 Re8 30. Raf1 Qd2 31. Rd3 Re1 32. Rdf3 Bf2 33. g3 Qe2
34. R3xf2 Qxf2 35. Rxe1 Qxe1+ 36. Kg2 Qe2+ 37. Kg1 Qd1+ 38. Kf2 Qxc2+ 39. Kf1
Qc1+ 40. Kf2 Qc5+ 41. Kf1 Ke8 42. Qh5 Rg5 43. Qe2+ Kd7 44. g4 Rg8 45. h3 Rc8
46. Kg2 Qc2 47. Nd4 Qxe2+ 48. Nxe2 Kd6 49. h4 Ke5 50. Kf3 d4 0-1

[Event "DEM U14 2014"]
[Site "Magdeburg GER"]
[Date "2014.06.10"]
[Round "5"]
[White "Herbrig, Alexander"]
[Black "Greßmann, Moritz"]
[Result "0-1"]
[Termination "normal"]
[Board "9"]
[WhiteElo "1886"]
[BlackElo "1963"]
[PlyCount "110"]
[WhiteFideId "12952044"]
[BlackFideId "24695084"]
[EventCountry "GER"]
[EventRounds "9"]
[EventType "swiss"]
[EventDate "2014.06.07"]

1. e4 e5 2. Nf3 Nc6 3. Bb5 a6 4. Ba4 Nf6 5. O-O Be7 6. Re1 b5 7. Bb3 d6 8. c3
O-O 9. h3 Na5 10. Bc2 c5 11. d4 Nd7 12. Nbd2 exd4 13. cxd4 Nc6 14. d5 Nce5 15.
Nxe5 Nxe5 16. f4 Ng6 17. Nf3 Bh4 18. Nxh4 Qxh4 19. f5 Ne5 20. Rf1 Qe7 21. Qe1
f6 22. g4 c4 23. Qg3 Nf7 24. Bf4 b4 25. Kh1 Bd7 26. h4 c3 27. b3 h6 28. Rf2 a5
29. Rg1 a4 30. Rfg2 axb3 31. axb3 Ra2 32. Qd3 Ne5 33. Qd1 Be8 34. g5 fxg5 35.
hxg5 h5 36. Bxe5 Qxe5 37. g6 Rf6 38. Rh2 Kf8 39. Rxh5 Bb5 40. Rh8+ Ke7 41. Qb1
Rb2 42. Qd1 Qf4 43. Rh2 Rf8 44. Re1 Qe5 45. Qf3 Bc4 46. bxc4 b3 47. Qe3 bxc2
48. Rc1 Rb1 49. Kg1 Rxc1+ 50. Qxc1 Qd4+ 51. Rf2 Qd1+ 52. Rf1 Qg4+ 53. Kf2 Rh8
54. Qe3 Rh2+ 55. Ke1 Qd1# 0-1

[Event "DEM U14 2014"]
[Site "Magdeburg GER"]
[Date "2014.06.10"]
[Round "5"]
[White "Nguyen, Huy Dat"]
[Black "Nothnagel, Marian Can"]
[Result "1/2-1/2"]
[Termination "normal"]
[Board "10"]
[WhiteElo "1921"]
[BlackElo "1790"]
[PlyCount "61"]
[WhiteFideId "12923486"]
[BlackFideId "12921530"]
[EventCountry "GER"]
[EventRounds "9"]
[EventType "swiss"]
[EventDate "2014.06.07"]

1. d4 Nf6 2. c4 g6 3. Nc3 Bg7 4. e4 d6 5. Be2 O-O 6. Nf3 e5 7. Be3 Ng4 8. Bg5
f6 9. Bc1 Nh6 10. h4 Nc6 11. d5 Ne7 12. h5 g5 13. Nd2 f5 14. exf5 Nhxf5 15.
Nde4 h6 16. g4 Nd4 17. Be3 a6 18. Qd2 Bd7 19. O-O-O b5 20. Bxg5 hxg5 21. Qxg5
Rf4 22. Rxd4 exd4 23. h6 Nf5 24. Qxf4 Be5 25. Qf3 Nh4 26. Qh3 Ng6 27. Nb1 Nf4
28. Qf3 c6 29. g5 cxd5 30. Nf6+ Kh8 31. Nxd7 1/2-1/2

[Event "DEM U14 2014"]
[Site "Magdeburg GER"]
[Date "2014.06.10"]
[Round "5"]
[White "Ramien, David"]
[Black "Langer, Simon"]
[Result "1-0"]
[Termination "normal"]
[Board "11"]
[WhiteElo "1883"]
[BlackElo "1881"]
[PlyCount "47"]
[WhiteFideId "12948241"]
[BlackFideId "12950386"]
[EventCountry "GER"]
[EventRounds "9"]
[EventType "swiss"]
[EventDate "2014.06.07"]

1. e4 c5 2. Nf3 d6 3. Nc3 Nc6 4. d4 cxd4 5. Nxd4 Nf6 6. Be2 e5 7. Nb3 Be7 8.
O-O O-O 9. f4 a6 10. a4 Qc7 11. fxe5 dxe5 12. Bg5 Rd8 13. Qe1 Be6 14. Qg3 Kh8
15. Qh4 Nd4 16. Bd3 Nxb3 17. Nd5 Qc5+ 18. Kh1 Nxa1 19. Rxf6 Rd6 20. Nxe7 Rxd3
21. cxd3 Qc2 22. h3 Qd1+ 23. Kh2 Qxd3 24. Rh6 1-0

[Event "DEM U14 2014"]
[Site "Magdeburg GER"]
[Date "2014.06.10"]
[Round "5"]
[White "Stein, Robert"]
[Black "Perekhozhuk, Maksym"]
[Result "1-0"]
[Termination "normal"]
[Board "12"]
[WhiteElo "1891"]
[BlackElo "1759"]
[PlyCount "115"]
[WhiteFideId "12921084"]
[BlackFideId "12914860"]
[EventCountry "GER"]
[EventRounds "9"]
[EventType "swiss"]
[EventDate "2014.06.07"]

1. e4 c5 2. Nf3 d6 3. d4 cxd4 4. Nxd4 Nf6 5. Nc3 g6 6. Be3 Bg7 7. f3 O-O 8. Qd2
Nc6 9. Bc4 Bd7 10. O-O-O Rc8 11. Bb3 Nxd4 12. Bxd4 b5 13. Nd5 Nxd5 14. Bxg7
Kxg7 15. exd5 a5 16. a3 Kg8 17. Rhe1 b4 18. axb4 axb4 19. Qxb4 Rb8 20. Qd4 Re8
21. Kd2 Qa5+ 22. Ke2 Rb4 23. Qe3 e6 24. Kf2 exd5 25. Rxd5 Qa6 26. Qd2 Qb6+ 27.
Re3 Rxe3 28. Qxe3 Qc6 29. Rd3 Bf5 30. Rc3 Qd7 31. Qe2 d5 32. Qe5 Be6 33. Qc7
Qe8 34. Qd6 Rd4 35. Re3 h5 36. Bxd5 Qb5 37. Rxe6 Rxd5 38. Re8+ Kh7 39. Qe7 Rd7
40. Qe5 Qxe5 41. Rxe5 Rd2+ 42. Re2 Rd1 43. Ke3 Kg7 44. Rd2 Rb1 45. c4 Kf6 46.
Kd4 Ke6 47. Kc5 Ra1 48. b4 Ra8 49. b5 Rc8+ 50. Kb4 g5 51. b6 g4 52. fxg4 hxg4
53. Kb5 f5 54. c5 f4 55. b7 Rh8 56. c6 f3 57. gxf3 gxf3 58. c7 1-0

[Event "DEM U14 2014"]
[Site "Magdeburg GER"]
[Date "2014.06.10"]
[Round "5"]
[White "Tiedemann, Fin Niklas"]
[Black "Spitzl, Vinzent"]
[Result "1-0"]
[Termination "normal"]
[Board "14"]
[WhiteElo "1618"]
[BlackElo "1904"]
[PlyCount "91"]
[WhiteFideId "12936936"]
[BlackFideId "12901253"]
[EventCountry "GER"]
[EventRounds "9"]
[EventType "swiss"]
[EventDate "2014.06.07"]

1. e4 c5 2. Nc3 a6 3. g3 b5 4. Bg2 Bb7 5. d3 e6 6. f4 Ne7 7. Nf3 d5 8. Qe2 d4
9. Nd1 g6 10. O-O Nd7 11. e5 Bg7 12. Nf2 O-O 13. Ne4 Bxe4 14. Qxe4 Qc7 15. Bd2
Rfc8 16. a4 Nd5 17. g4 Qb6 18. axb5 axb5 19. f5 Rxa1 20. Rxa1 b4 21. f6 Bf8 22.
b3 Qb7 23. h4 Ra8 24. Rc1 Ra6 25. h5 Qc7 26. hxg6 fxg6 27. Kf2 Nc3 28. Qf4 Nd5
29. Qh2 Ra7 30. Rh1 N7xf6 31. exf6 Qxh2 32. Nxh2 Nxf6 33. g5 Nd7 34. Ng4 Ra2
35. Rc1 Be7 36. Bc6 Nb6 37. Kg3 c4 38. Nh6+ Kh8 39. Bf4 Ra5 40. dxc4 Kg7 41.
Bb5 Nd5 42. Be5+ Bf6 43. gxf6+ Kxh6 44. f7 Ra8 45. cxd5 exd5 46. Be8 1-0

[Event "DEM U14 2014"]
[Site "Magdeburg GER"]
[Date "2014.06.10"]
[Round "5"]
[White "Niermann, Tristan"]
[Black "Rieß, Alexander"]
[Result "1/2-1/2"]
[Termination "normal"]
[Board "15"]
[WhiteElo "1819"]
[BlackElo "1856"]
[PlyCount "160"]
[WhiteFideId "12990698"]
[BlackFideId "12953326"]
[EventCountry "GER"]
[EventRounds "9"]
[EventType "swiss"]
[EventDate "2014.06.07"]

1. e4 c6 2. d4 d5 3. exd5 cxd5 4. c4 Nf6 5. Nc3 g6 6. Qb3 Bg7 7. cxd5 O-O 8.
Be2 Nbd7 9. Bf3 Nb6 10. Nge2 Bg4 11. Bxg4 Nxg4 12. a4 Nf6 13. Nf4 a5 14. O-O
Qd6 15. Nb5 Qb4 16. Qd3 Qc4 17. Qxc4 Nxc4 18. b3 Nd6 19. Nxd6 exd6 20. Ba3 Rfd8
21. h4 Bh6 22. Bc1 Bxf4 23. Bxf4 Nxd5 24. Bg3 Rac8 25. Rac1 Rxc1 26. Rxc1 Kf8
27. Re1 h5 28. Kf1 f5 29. Re6 f4 30. Bxf4 Nxf4 31. Rf6+ Kg7 32. Rxf4 Re8 33. g3
Re7 34. Rf3 Re4 35. Rd3 Kf6 36. f3 Re7 37. Kf2 Rc7 38. Ke3 Ke6 39. Kf4 Kf6 40.
Re3 b5 41. axb5 Rb7 42. g4 Rxb5 43. Rc3 Ke6 44. Ke4 Kf6 45. Kd3 Ke6 46. Ke3 Kf6
47. Ke4 Ke6 48. Re3 Kf6 49. Kf4 Kf7 50. Rc3 Ke6 51. Ke4 Kf6 52. Rc6 Ke6 53. Ra6
Rd5 54. Ra8 Rb5 55. Ra6 Ke7 56. Ra8 Ke6 57. g5 Kf7 58. Ra7+ Kf8 59. Rd7 Rb6 60.
f4 Rxb3 61. Rxd6 Kf7 62. Rf6+ Kg7 63. Ra6 Rh3 64. Ra7+ Kf8 65. Rxa5 Rxh4 66. d5
Rh1 67. Ke5 Rf1 68. d6 Ke8 69. Ke6 Re1+ 70. Re5 Rf1 71. f5 gxf5 72. Rxf5 Re1+
73. Re5 Rg1 74. g6 h4 75. Re3 h3 76. Rxh3 Rxg6+ 77. Kd5 Rg1 78. Rh7 Rd1+ 79.
Kc6 Rc1+ 80. Kb7 Kd8 1/2-1/2

[Event "DEM U14 2014"]
[Site "Magdeburg GER"]
[Date "2014.06.10"]
[Round "5"]
[White "Grimm, Ling Leander"]
[Black "Bergauz, Noam"]
[Result "0-1"]
[Termination "normal"]
[Board "16"]
[WhiteElo "1700"]
[BlackElo "2147"]
[PlyCount "54"]
[WhiteFideId "12968277"]
[BlackFideId "12938033"]
[EventCountry "GER"]
[EventRounds "9"]
[EventType "swiss"]
[EventDate "2014.06.07"]

1. c4 Nf6 2. Nc3 g6 3. g3 Bg7 4. Bg2 O-O 5. e4 Nc6 6. Nge2 a6 7. O-O Rb8 8. a4
d6 9. f4 e6 10. d4 Na5 11. b3 c5 12. Ba3 Ng4 13. Rf3 cxd4 14. Nxd4 Qb6 15. Nce2
e5 16. fxe5 Nxe5 17. Rc3 Bg4 18. c5 Qa7 19. Rac1 b5 20. axb5 axb5 21. b4 Nac4
22. Ra1 Qc7 23. cxd6 Qxd6 24. h3 Bxe2 25. Nxe2 Qb6+ 26. Kh2 Rbd8 27. Qc2 Rd2
0-1